आधी आबादी का फलसफा / (Record no. 198081)

MARC details
000 -LEADER
fixed length control field 00983nam a22001937a 4500
005 - DATE AND TIME OF LATEST TRANSACTION
control field 20230919104301.0
010 ## - LCCN (DPL NO)
LC control number HIN-125962
020 ## - INTERNATIONAL STANDARD BOOK NUMBER
International Standard Book Number 97893889043679
Terms of availability 700.00
035 ## - SYSTEM CONTROL NUMBER
System control number HN-98308
037 ## - SOURCE OF ACQUISITION
Source of stock number/acquisition DBAD/PUB
082 ## - DEWEY DECIMAL CLASSIFICATION NUMBER
Classification number 305.4
100 ## - MAIN ENTRY--PERSONAL NAME
Personal name सिंह ,अमरेन्द्र कुमार
245 ## - TITLE STATEMENT
Title आधी आबादी का फलसफा /
Statement of responsibility, etc अमरेन्द्र कुमार सिंह, चन्दन कुमार और अंजनी कुमार
260 ## - PUBLICATION, DISTRIBUTION, ETC. (IMPRINT)
Place of publication, distribution, etc नई दिल्ली
Name of publisher, distributor, etc सत्यम पुब्लिशिग हाउस
Date of publication, distribution, etc 2020
270 ## - ADDRESS
Address एन -3/25 मोहन गार्डन उत्तम नगर
City नई दिल्ली
Postal code 110059
300 ## - PHYSICAL DESCRIPTION
Extent 245 पृ.;
Dimensions 23 सेमी (सजिल्द)
700 ## - ADDED ENTRY--PERSONAL NAME
Personal name कुमार,चन्दन और कुमार, अंजनी [et. al.]
9 (RLIN) 56894
942 ## - ADDED ENTRY ELEMENTS (KOHA)
Item type Hindi Books
Source of classification or shelving scheme Dewey Decimal Classification
Classification part 305.4
Call number suffix सिंहअ
Holdings
Withdrawn status Lost status Not for loan Collection code Home library Current library Date acquired Source of acquisition Cost, normal purchase price Full call number Barcode Copy number Cost, replacement price Koha item type
      Non-fiction Mobile Library Mobile Library 13/09/2023 DBAD/PUB 700.00 305.4 सिंहअ HN-98308 1 700.00 Hindi Books

© Delhi Public Library
Hit Counter
free hit counter